| 000 | 00834nam a2200253 a 4500 | ||
|---|---|---|---|
| 001 | 45172 | ||
| 003 | BD-RjUL | ||
| 005 | 20211209053956.0 | ||
| 008 | 160727r19681912nyu 001 0 eng d | ||
| 035 | _a(BD-RjUL)45290 | ||
| 040 |
_aBD-RjUL _beng _cBD-RjUL |
||
| 041 | _aeng | ||
| 082 |
_223 _a340.1 _bBEW 1968 |
||
| 100 | 1 |
_aBerolzheimer, Fritz _9854 |
|
| 245 | 1 | 0 |
_aThe world's legal philosophies / _cFritz Berolzheimer ; Trnslated by Rachel Szold Jastrow ; introduction by sir Jhon Macdonell & Albert Kocourek |
| 260 |
_aNew York : _bA.M. Kelley, _c1912, [reprinted 1968] |
||
| 300 |
_aVol. ; _c.22 cm. |
||
| 490 |
_aModern legal philosophy series _v2. |
||
| 500 | _aIncludes index. | ||
| 505 | o | _a V 2-- | |
| 650 |
_aLaw _vPhilosophy. _9139452 |
||
| 830 |
_aModern legal philosophy series. _v2. _9139453 |
||
| 942 |
_2ddc _cBK |
||
| 999 |
_c45172 _d45172 |
||